Critical path analysis in practice; (Record no. 548362)
[ view plain ]
| 000 -LEADER | |
|---|---|
| fixed length control field | 00544cam a22001571 4500 |
| 082 ## - DEWEY DECIMAL CLASSIFICATION NUMBER | |
| Classification number | 658.4032 |
| Author Mark | CRI |
| -- | L-21, P-44 |
| 100 1# - MAIN ENTRY--PERSONAL NAME | |
| Personal name | Thornley, Gail, |
| 9 (RLIN) | 44623 |
| 245 10 - TITLE STATEMENT | |
| Title | Critical path analysis in practice; |
| Remainder of title | collected papers on project control. |
| 260 ## - PUBLICATION, DISTRIBUTION, ETC. | |
| Place of publication, distribution, etc. | London, |
| -- | New York [etc.] |
| Name of publisher, distributor, etc. | Tavistock, |
| Date of publication, distribution, etc. | 1968. |
| 300 ## - PHYSICAL DESCRIPTION | |
| Extent | iii-xii, 152 p. |
| Other physical details | illus. |
| Dimensions | 25 cm. |
| 500 ## - GENERAL NOTE | |
| General note | "Distributed in the U.S.A. by Barnes & Noble." |
| 526 ## - STUDY PROGRAM INFORMATION NOTE | |
| Program name | 0 |
| Interest level | 0 |
| Reading level | 0 |
| Title point value | 658_403200000000000_CRI |
| 650 #0 - SUBJECT ADDED ENTRY--TOPICAL TERM | |
| Topical term or geographic name entry element | Critical path analysis. |
| 9 (RLIN) | 26640 |
| 650 #0 - SUBJECT ADDED ENTRY--TOPICAL TERM | |
| Topical term or geographic name entry element | MCE |
| 9 (RLIN) | 379 |
| 942 ## - ADDED ENTRY ELEMENTS (KOHA) | |
| Source of classification or shelving scheme | |
| Koha item type | Book |
| Withdrawn status | Lost status | Source of classification or shelving scheme | Damaged status | Not for loan | Permanent Location | Current Location | Date acquired | Total Checkouts | Full call number | Barcode | Date last seen | Price effective from | Koha item type |
|---|---|---|---|---|---|---|---|---|---|---|---|---|---|
| Military College of Engineering (MCE) | Military College of Engineering (MCE) | 08/27/2014 | 658.4032 CRI | MCE-3088 | 08/27/2014 | 08/27/2014 | Book |
